Diagramas de color del iluminante `A` / (Record no. 138352)

MARC details
000 -LEADER
campo de control de longitud fija 00680nam a2200193 4500
001 - NÚMERO DE CONTROL
campo de control 138352
003 - IDENTIFICADOR DE NÚMERO DE CONTROL
campo de control ES-MaACL
005 - FECHA Y HORA DE LA ÚLTIMA TRANSACCIÓN
campo de control 20230906195541.0
007 - CAMPO FIJO DE DESCRIPCIÓN FÍSICA--INFORMACIÓN GENERAL
campo de control de longitud fija t|
008 - DATOS DE LONGITUD FIJA--INFORMACIÓN GENERAL
campo de control de longitud fija 070214s1968 sp r ||||1| spa d
100 1# - ENTRADA PRINCIPAL--NOMBRE DE PERSONA
Nombre de persona Sancho Gómez, Juan.
9 (RLIN) 103040
245 10 - MENCIÓN DEL TÍTULO
Título Diagramas de color del iluminante `A` /
Mención de responsabilidad, etc. por J. Sancho, A. Serna y J. B. Vidal-Abarca.
260 ## - PUBLICACIÓN, DISTRIBUCIÓN, ETC.
Lugar de publicación, distribución, etc. Murcia :
Nombre del editor, distribuidor, etc. Universidad, Departamento de Química Física,
Fecha de publicación, distribución, etc. 1968.
300 ## - DESCRIPCIÓN FÍSICA
Extensión 39 p. ;
Dimensiones 31 cm +
Material acompañante/anejo 33 gráf. pleg.
700 1# - ENTRADA AGREGADA--NOMBRE PERSONAL
Nombre de persona Serna, A.
9 (RLIN) 105560
700 1# - ENTRADA AGREGADA--NOMBRE PERSONAL
Nombre de persona Vidal-Abarca, J. B.
9 (RLIN) 114463
710 2# - ENTRADA AGREGADA--NOMBRE DE ENTIDAD CORPORATIVA
Nombre de entidad corporativa o nombre de jurisdicción como elemento de entrada Universidad de Murcia.
Unidad subordinada Departamento de Química Física.
9 (RLIN) 7242
852 ## - LOCALIZACIÓN
Ubicación ES-MaACL
Número de control de estantería C-35678
Sublocalización o colección R.68921
Holdings
Estatus retirado Estado de pérdida Estado de daño No para préstamo Biblioteca de origen Biblioteca actual Ubicación en estantería Fecha de adquisición Fuente de adquisición Total de préstamos Signatura topográfica completa Código de barras Visto por última vez Precio de reemplazo Tipo de ítem Koha
        Biblioteca del Ateneo de Madrid Biblioteca del Ateneo de Madrid Depósito 2 17/01/2008     C-35678 1143964 23/02/2023 23/02/2023 Libro impreso